[Event "Boeblinger Open 2014"]
[Site "Boeblingen"]
[Date "2014.12.31"]
[Round "8"]
[White "Lanka, Zigurds"]
[Black "Vujic, Branimir"]
[Result "0-1"]
[WhiteElo "2437"]
[BlackElo "2351"]
[PlyCount "150"]
[EventDate "2014.??.??"]

1. e4 e6 2. d4 d5 3. Nc3 Bb4 4. e5 c5 5. a3 Bxc3+ 6. bxc3 Nc6 7. Nf3 Qa5 8. Bd2
Qa4 9. Qb1 c4 10. h4 Bd7 11. h5 h6 12. Be2 O-O-O 13. O-O f5 14. Qb2 Be8 15.
Rab1 Rd7 16. Nh4 Nge7 17. g3 Nd8 18. Kg2 g5 19. hxg6 Nxg6 20. Rh1 Rdh7 21. Nxg6
Bxg6 22. Bf4 b6 23. Qc1 Qa5 24. Qb2 Qa4 25. Kf1 Nf7 26. Ke1 Ng5 27. f3 Nf7 28.
Kd2 Nd8 29. Rh4 Kb7 30. Qa1 Nc6 31. Rbh1 Nd8 32. Qb2 Nf7 33. Qa2 Kb8 34. Rb1
Nd8 35. Rb4 Qa5 36. a4 Be8 37. Qa3 Kb7 38. Rh1 Rg8 39. Ra1 h5 40. Rbb1 Rhg7 41.
Rh1 Rh7 42. Rh4 Nc6 43. Ke3 Ne7 44. Rah1 Qxa4 45. Qb2 Ng6 46. Rxh5 Rxh5 47.
Rxh5 Qd7 48. Rh3 Nxf4 49. Kxf4 Qg7 50. Ke3 Rh8 51. Rxh8 Qxh8 52. Qa3 Qg7 53.
Kf2 a5 54. f4 Qd7 55. Ke3 Qg7 56. Kf2 Qh7 57. Bf3 Ka6 58. Qd6 Qd7 59. Qb8 Qe7
60. Ke2 Bc6 61. Qd6 Qxd6 62. exd6 Kb7 63. g4 fxg4 64. Bxg4 Bd7 65. Kd2 Kc6 66.
Kc1 Kxd6 67. Kb2 Be8 68. f5 e5 69. f6 Bf7 70. Bf5 e4 71. Bg4 Bg6 72. Kc1 Bf7
73. Bf5 Bh5 74. Bh3 e3 75. Bc8 a4 0-1

[Event "Boeblinger Open 2014"]
[Site "Boeblingen"]
[Date "2014.12.31"]
[Round "8"]
[White "Meskovs, Nikita"]
[Black "Schlecht, Daniel"]
[Result "1/2-1/2"]
[WhiteElo "2452"]
[BlackElo "2366"]
[PlyCount "79"]
[EventDate "2014.??.??"]

1. e4 e6 2. c4 d5 3. cxd5 exd5 4. exd5 Nf6 5. Bb5+ Nbd7 6. Nc3 a6 7. Be2 Nb6 8.
Nf3 Nbxd5 9. d4 Be7 10. O-O O-O 11. Re1 Be6 12. a3 Re8 13. Ng5 Bf5 14. Bc4 c6
15. Bd2 Qd7 16. Nf3 Bd6 17. Ne5 Qc7 18. Qb3 Be6 19. Nf3 b5 20. Nxd5 Nxd5 21.
Bf1 Nf6 22. Qd1 Bd5 23. g3 c5 24. Bg5 Qb7 25. Bg2 Rxe1+ 26. Nxe1 Bxg2 27. Nxg2
Ne4 28. dxc5 Bxc5 29. Be3 Be7 30. Qb3 Rd8 31. Rd1 Rxd1+ 32. Qxd1 Bf6 33. Nf4 h6
34. b3 Bg5 35. Nd5 Bxe3 36. Nxe3 Nf6 37. Qd8+ Kh7 38. Qd3+ Kg8 39. Qd8+ Kh7 40.
Qd3+ 1/2-1/2

[Event "Boeblinger Open 2014"]
[Site "Boeblingen"]
[Date "2014.12.31"]
[Round "8"]
[White "Neyman, Igor"]
[Black "Rahnfeld, Jens"]
[Result "0-1"]
[WhiteElo "2311"]
[BlackElo "2100"]
[PlyCount "107"]
[EventDate "2014.??.??"]

1. d4 Nf6 2. c4 c5 3. d5 e6 4. Nc3 exd5 5. cxd5 d6 6. e4 g6 7. f4 Bg7 8. Bb5+
Nfd7 9. Nf3 a6 10. Bd3 b5 11. O-O O-O 12. Kh1 Nb6 13. a3 Bg4 14. h3 Bxf3 15.
Qxf3 N8d7 16. Bd2 b4 17. axb4 cxb4 18. Nd1 a5 19. Bb5 Nc5 20. Rc1 Rb8 21. Bc6
Nbd7 22. b3 f5 23. exf5 gxf5 24. Rc2 Nf6 25. Bc1 Nfe4 26. Bb2 Rf7 27. Kh2 Bxb2
28. Nxb2 Rg7 29. Qe3 Nc3 30. Nc4 Nxb3 31. Qe6+ Kh8 32. Nxd6 Nd4 33. Qe5 Qe7 34.
Qxd4 Qxd6 35. Rxc3 bxc3 36. Qxc3 Rbg8 37. Rf2 Qg6 38. Rd2 Rd8 39. g3 h5 40. h4
Kh7 41. Re2 Rb8 42. Qd3 Rb4 43. d6 Rd4 44. Qe3 Rxd6 45. Be8 Qg4 46. Rg2 Qd1 47.
Bb5 Qd5 48. Qe8 Qf7 49. Qa8 Qd5 50. Qe8 Rdg6 51. Be2 Qe6 52. Qb5 Qf6 53. Bd3
Kh6 54. Qxf5 0-1

[Event "Boeblinger Open 2014"]
[Site "Boeblingen"]
[Date "2014.12.31"]
[Round "8"]
[White "Pfatteicher, Lukas"]
[Black "Schmitz, Thorsten"]
[Result "0-1"]
[WhiteElo "2139"]
[BlackElo "2306"]
[PlyCount "88"]
[EventDate "2014.??.??"]

1. d4 Nf6 2. c4 g6 3. Nc3 Bg7 4. e4 d6 5. f3 O-O 6. Nge2 a6 7. Be3 Nc6 8. Qd2
Na5 9. Nc1 Nd7 10. b4 Nc6 11. Rb1 e6 12. a3 f5 13. Nb3 fxe4 14. Nxe4 d5 15. Ng3
Nf6 16. c5 Qe7 17. Be2 e5 18. O-O Bd7 19. Rbe1 Rae8 20. Bd1 Qf7 21. Bc2 exd4
22. Nxd4 Ne5 23. Bb3 Nc4 24. Bxc4 dxc4 25. Bf2 Nd5 26. Nge2 b5 27. cxb6 cxb6
28. b5 axb5 29. Rb1 b4 30. axb4 Nf4 31. Nxf4 Qxf4 32. Qd1 Rc8 33. Ne2 Qf7 34.
Bxb6 c3 35. Bc5 Bf5 36. Rc1 Rfd8 37. Qe1 c2 38. Ng3 Bd3 39. Rf2 Qc4 40. Qd2 Bc3
41. Qe3 Bb2 42. Nf1 Bxc1 43. Qxc1 Bxf1 44. Rxf1 Qxf1+ 0-1

[Event "Boeblinger Open 2014"]
[Site "Boeblingen"]
[Date "2014.12.31"]
[Round "8"]
[White "Promyshlyanskiy, Vitaliy"]
[Black "Bayer, Bernhard"]
[Result "1/2-1/2"]
[WhiteElo "2240"]
[BlackElo "2445"]
[PlyCount "43"]
[EventDate "2014.??.??"]

1. e4 e5 2. Nf3 Nc6 3. Bb5 a6 4. Ba4 Nf6 5. O-O Be7 6. Qe2 b5 7. Bb3 d6 8. c3
O-O 9. Rd1 Na5 10. Bc2 c5 11. d4 cxd4 12. cxd4 Qc7 13. h3 Bd7 14. Bg5 Rfc8 15.
Bd3 h6 16. Bd2 exd4 17. Nxd4 Nc4 18. Bf4 Ne5 19. Nd2 Nxd3 20. Qxd3 Qc5 21. Nf1
Bf8 22. Nf3 1/2-1/2

[Event "Boeblinger Open 2014"]
[Site "Boeblingen"]
[Date "2014.12.31"]
[Round "8"]
[White "Schneider, Bernd"]
[Black "Maier, Alexander"]
[Result "1-0"]
[WhiteElo "2282"]
[BlackElo "2315"]
[PlyCount "119"]
[EventDate "2014.??.??"]

1. c4 Nf6 2. Nc3 e5 3. g3 Bb4 4. Bg2 O-O 5. Nf3 Re8 6. O-O h6 7. Ne1 c6 8. Nc2
a5 9. Ne3 Bc5 10. b3 d6 11. Bb2 Bd4 12. Qc2 Na6 13. Rad1 Nc5 14. Rb1 Be6 15.
Na4 Nxa4 16. bxa4 Qd7 17. Rfc1 Nh5 18. Qb3 Bc5 19. Ba3 Bxa3 20. Qxa3 Re7 21.
Rb6 Qc7 22. Rcb1 Bc8 23. Qd3 g6 24. h4 Nf6 25. R1b2 Nd7 26. R6b3 Nc5 27. Qc2
Nxb3 28. Rxb3 h5 29. d3 Be6 30. Qd2 f6 31. Nd1 Kg7 32. Nc3 Rd8 33. Ne4 Bf5 34.
Nc3 Be6 35. Ne4 Rb8 36. Qc3 Bf5 37. Nd2 Be6 38. Rb2 Bf7 39. e3 Ra8 40. d4 b6
41. dxe5 dxe5 42. c5 Rb8 43. cxb6 Rxb6 44. Rc2 c5 45. Nb3 c4 46. Nxa5 Ra6 47.
Nxc4 Rxa4 48. Bf1 Qc5 49. Qd3 Rc7 50. Na3 Qa7 51. Nb5 Rxc2 52. Nxa7 Raxa2 53.
Qd7 Rc1 54. Nc6 Kg8 55. Kg2 Rcc2 56. Nd8 Rxf2+ 57. Kg1 Bb3 58. Nc6 Rfd2 59.
Qe8+ Kg7 60. Qe7+ 1-0

[Event "Boeblinger Open 2014"]
[Site "Boeblingen"]
[Date "2014.12.31"]
[Round "8"]
[White "Shishkin, Vadim"]
[Black "Fedorovsky, Michael"]
[Result "1-0"]
[WhiteElo "2482"]
[BlackElo "2443"]
[PlyCount "101"]
[EventDate "2014.??.??"]

1. d4 Nf6 2. c4 e6 3. Nc3 Bb4 4. Qc2 d5 5. cxd5 exd5 6. Bg5 c5 7. Nf3 h6 8.
Bxf6 Qxf6 9. a3 Bf5 10. Qd2 Bxc3 11. Qxc3 Nd7 12. e3 O-O 13. Bb5 Rac8 14. Bxd7
Bxd7 15. O-O Bh3 16. Rfc1 Qg6 17. Ne1 b6 18. dxc5 Rxc5 19. Qd4 Qc6 20. Rd1 Bf5
21. b4 Rc3 22. Qxd5 Qxd5 23. Rxd5 Be6 24. Rdd1 Rfc8 25. h3 Bb3 26. Rdb1 Bd5 27.
Kh2 Be4 28. Rd1 Rb3 29. f3 Bg6 30. e4 Rcc3 31. Rd7 Rxa3 32. Rxa7 Rxa1 33. Rxa1
Rb3 34. Nc2 Rb2 35. Ra8+ Kh7 36. Rc8 f5 37. e5 f4 38. Nd4 Rxb4 39. Ne6 Bf5 40.
Nf8+ Kg8 41. e6 Bxe6 42. Nxe6+ Kf7 43. Rc6 b5 44. Nc7 Rc4 45. Rxc4 bxc4 46. Nd5
g5 47. h4 Ke6 48. Nc3 Ke5 49. hxg5 hxg5 50. Kh3 Kd4 51. Ne4 1-0

[Event "Boeblinger Open 2014"]
[Site "Boeblingen"]
[Date "2014.12.31"]
[Round "8"]
[White "Smirnov, Artem"]
[Black "Nguyen, Thai Dai Van"]
[Result "1/2-1/2"]
[WhiteElo "2446"]
[BlackElo "2212"]
[PlyCount "116"]
[EventDate "2014.??.??"]

1. d4 Nf6 2. c4 g6 3. Nc3 d5 4. cxd5 Nxd5 5. Bd2 Bg7 6. e4 Nxc3 7. Bxc3 O-O 8.
Qd2 Nc6 9. Nf3 Bg4 10. d5 Bxf3 11. gxf3 Ne5 12. O-O-O c6 13. Qd4 Qb6 14. f4
Qxd4 15. Bxd4 Ng4 16. Be2 Bxd4 17. Rxd4 c5 18. Ra4 f5 19. Rg1 Nf6 20. exf5 Nxd5
21. Re4 Kg7 22. fxg6 hxg6 23. Bc4 Rad8 24. Re5 Nxf4 25. Rxe7+ Kh6 26. Rd1 Rxd1+
27. Kxd1 Nh3 28. Rxb7 Rxf2 29. Rxa7 Rxb2 30. a4 Nf2+ 31. Kc1 Rb4 32. Bf7 Nd3+
33. Kc2 Ne5 34. Bd5 Rd4 35. Bg8 Nc6 36. Rh7+ Kg5 37. Rc7 Nb4+ 38. Kb3 Na6 39.
Rc6 Rd3+ 40. Kc4 Rd8 41. Be6 Nb8 42. Rxc5+ Kf6 43. Bg4 Nd7 44. Rc6+ Kg5 45.
Bxd7 Rxd7 46. a5 Rh7 47. Rc5+ Kf4 48. a6 Rxh2 49. Kb5 Rh8 50. Kb6 g5 51. Kb7 g4
52. a7 g3 53. a8=Q Rxa8 54. Kxa8 g2 55. Rc1 Kf3 56. Kb7 Kf2 57. Kc6 g1=Q 58.
Rxg1 Kxg1 1/2-1/2

[Event "Boeblinger Open 2014"]
[Site "Boeblingen"]
[Date "2014.12.31"]
[Round "8"]
[White "Vuckovic, Aleksandar"]
[Black "Schön, Ralf"]
[Result "1/2-1/2"]
[WhiteElo "2337"]
[BlackElo "2157"]
[PlyCount "131"]
[EventDate "2014.??.??"]

1. e4 e5 2. Nf3 Nc6 3. d4 exd4 4. Nxd4 Bc5 5. Nb3 Bb6 6. Nc3 Qf6 7. Qe2 Nge7 8.
Nd5 Nxd5 9. exd5+ Ne7 10. h4 d6 11. Bg5 Qe5 12. Qxe5 dxe5 13. c4 f6 14. Bd2 c6
15. d6 Ng6 16. h5 Nf8 17. c5 Bd8 18. Bc4 Be6 19. Rc1 Kd7 20. f4 exf4 21. Bxf4
Bxc4 22. Rxc4 Ne6 23. O-O b6 24. Be3 bxc5 25. Nxc5+ Nxc5 26. Bxc5 Bb6 27. b4
Rhf8 28. Rf3 g6 29. Re4 Rf7 30. hxg6 hxg6 31. Rfe3 Bd8 32. Ra3 f5 33. Re2 Bf6
34. Kf2 a6 35. Ree3 f4 36. Re4 g5 37. Kf3 g4+ 38. Ke2 Bd8 39. Re5 Rf6 40. Rh5
Ke6 41. Rh8 Kd7 42. Rg8 f3+ 43. gxf3 gxf3+ 44. Rxf3 Rxf3 45. Kxf3 a5 46. a3
axb4 47. axb4 Ra1 48. Ke4 Re1+ 49. Kf5 Rf1+ 50. Kg6 Rd1 51. Rh8 Rf1 52. Rh3 Ke6
53. Re3+ Kd7 54. Re2 Rd1 55. Kf5 Rf1+ 56. Ke4 Ke6 57. Kd3+ Kd7 58. Kc4 Rc1+ 59.
Kb3 Rb1+ 60. Ka2 Rd1 61. Rh2 Bf6 62. Rf2 Bd8 63. Rc2 Bf6 64. Kb3 Be5 65. Re2
Bxd6 66. Bxd6 1/2-1/2

[Event "Boeblinger Open 2014"]
[Site "Boeblingen"]
[Date "2014.12.30"]
[Round "9"]
[White "Bai, Jinshi"]
[Black "Shishkin, Vadim"]
[Result "1/2-1/2"]
[WhiteElo "2444"]
[BlackElo "2482"]
[PlyCount "59"]
[EventDate "2014.??.??"]

1. d4 Nf6 2. c4 g6 3. g3 c6 4. Nf3 Bg7 5. Bg2 d5 6. b3 O-O 7. O-O dxc4 8. bxc4
c5 9. Bb2 Qb6 10. Qb3 cxd4 11. Nxd4 Nfd7 12. e3 e5 13. Nb5 Nc5 14. Qa3 Be6 15.
Nd2 Rd8 16. Bc3 Nc6 17. Rab1 Bf8 18. Nd6 Qc7 19. Qxc5 Bxd6 20. Qb5 Rab8 21. Bd5
Bf5 22. Ne4 a6 23. Qb6 Qxb6 24. Rxb6 Bc7 25. Rb2 Ba5 26. Rc1 Bxc3 27. Nxc3 Na5
28. e4 Be6 29. Rb6 Rbc8 30. Rxe6 1/2-1/2

[Event "Boeblinger Open 2014"]
[Site "Boeblingen"]
[Date "2014.12.30"]
[Round "9"]
[White "Prohaszka, Peter"]
[Black "Mihok, Oliver"]
[Result "1/2-1/2"]
[WhiteElo "2613"]
[BlackElo "2464"]
[PlyCount "43"]
[EventDate "2014.??.??"]

1. d4 d5 2. Nf3 Nf6 3. g3 Bf5 4. Bg2 c6 5. O-O e6 6. c4 Nbd7 7. Nc3 dxc4 8. Nh4
Bg4 9. h3 Bh5 10. Re1 Be7 11. g4 Bg6 12. Nxg6 hxg6 13. e4 O-O 14. a4 a5 15. Qe2
Nb6 16. Be3 Rc8 17. f4 Nfd7 18. Red1 Qc7 19. Qf2 Bb4 20. h4 f5 21. Bf3 fxe4 22.
Bxe4 1/2-1/2

[Event "Boeblinger Open 2014"]
[Site "Boeblingen"]
[Date "2014.12.30"]
[Round "9"]
[White "Winterberg, Lukas"]
[Black "Gschnitzer, Oswald"]
[Result "1-0"]
[WhiteElo "2264"]
[BlackElo "2407"]
[PlyCount "59"]
[EventDate "2014.??.??"]

1. e4 c5 2. c3 Nf6 3. e5 Nd5 4. d4 cxd4 5. Nf3 e6 6. cxd4 d6 7. Bc4 Nc6 8. O-O
Be7 9. Qe2 O-O 10. Nc3 Nxc3 11. bxc3 dxe5 12. dxe5 b6 13. Qe4 Bb7 14. Bd3 g6
15. Bh6 Re8 16. Rad1 Qc7 17. Qf4 f6 18. Qc4 Qc8 19. exf6 Bxf6 20. Qf4 Bg7 21.
Ng5 Re7 22. Bxg7 Kxg7 23. Rfe1 e5 24. Qh4 Qh8 25. Bc4 h6 26. Ne6+ Kh7 27. Re3
h5 28. Rg3 Qe8 29. Qf6 Kh6 30. Nf8 1-0

[Event "Boeblinger Open 2014"]
[Site "Boeblingen"]
[Date "2014.12.31"]
[Round "9"]
[White "Baldauf, Marco"]
[Black "Juhasz, Barbara"]
[Result "1-0"]
[WhiteElo "2393"]
[BlackElo "2165"]
[PlyCount "109"]
[EventDate "2014.??.??"]

1. d4 g6 2. e4 Bg7 3. Nc3 d6 4. f4 Nd7 5. Nf3 e6 6. Be3 Ne7 7. Bd3 d5 8. e5 h5
9. Qd2 Bf8 10. Bf2 Nf5 11. O-O-O c5 12. dxc5 Nxc5 13. Kb1 Bd7 14. g3 Bc6 15.
Rhe1 Nxd3 16. cxd3 Qa5 17. Nd4 Nxd4 18. Bxd4 b6 19. Qe3 Bc5 20. Ne2 Bb4 21. Bc3
Bxc3 22. Nxc3 O-O-O 23. Ne2 d4 24. Nxd4 Bd5 25. Nb3 Bxb3 26. axb3 Rd5 27. Rc1+
Kb8 28. Rc3 Rhd8 29. Rd1 Qb4 30. Kc2 Rc5 31. Ra1 Rcd5 32. Ra4 Qb5 33. Rac4 Qd7
34. Qe4 Qe7 35. Rc6 Rd4 36. Rc8+ Rxc8 37. Rxc8+ Kxc8 38. Qxd4 Kb7 39. Qc4 a6
40. d4 Qd7 41. Kd3 h4 42. Ke4 hxg3 43. hxg3 Qd8 44. d5 Qh8 45. d6 Qh1+ 46. Ke3
Qe1+ 47. Kd3 Qd1+ 48. Ke3 Qe1+ 49. Qe2 Qg1+ 50. Kd2 Qxg3 51. Qe4+ Kb8 52. Kc2
Qf2+ 53. Kb1 Qg1+ 54. Ka2 Qc5 55. Qc4 1-0

[Event "Boeblinger Open 2014"]
[Site "Boeblingen"]
[Date "2014.12.31"]
[Round "9"]
[White "Bayer, Bernhard"]
[Black "Sieglen, Joachim"]
[Result "1/2-1/2"]
[WhiteElo "2445"]
[BlackElo "2260"]
[PlyCount "34"]
[EventDate "2014.??.??"]

1. c4 Nf6 2. d4 c5 3. d5 b5 4. cxb5 a6 5. bxa6 g6 6. Nc3 Bxa6 7. e4 Bxf1 8.
Kxf1 d6 9. g4 h5 10. g5 Nfd7 11. Kg2 Bg7 12. Qe2 O-O 13. f4 Na6 14. Nf3 Nb6 15.
Rb1 Qd7 16. h3 Rfb8 17. Rd1 Na4 1/2-1/2

[Event "Boeblinger Open 2014"]
[Site "Boeblingen"]
[Date "2014.12.31"]
[Round "9"]
[White "Braun, Arik"]
[Black "Dann, Matthias"]
[Result "1-0"]
[WhiteElo "2549"]
[BlackElo "2457"]
[PlyCount "59"]
[EventDate "2014.??.??"]

1. d4 Nf6 2. c4 g6 3. Nc3 Bg7 4. e4 O-O 5. f3 Nc6 6. Nge2 e5 7. dxe5 Nxe5 8.
Ng3 d6 9. Be2 c6 10. f4 Neg4 11. h3 Nh6 12. O-O Re8 13. Qd3 Qe7 14. Rd1 Bf8 15.
b3 Nd7 16. Bb2 f5 17. exf5 Nc5 18. f6 Qxf6 19. Qf3 Nf5 20. Nxf5 Bxf5 21. Rd2
Qe7 22. g4 Be4 23. Qf2 a5 24. Bf1 Bg7 25. Re1 Qf8 26. Rd4 Bxd4 27. Qxd4 Bf3 28.
Nb5 Rxe1 29. Nxd6 Qxd6 30. Qg7# 1-0

[Event "Boeblinger Open 2014"]
[Site "Boeblingen"]
[Date "2014.12.31"]
[Round "9"]
[White "Brunello, Marina"]
[Black "Lanka, Zigurds"]
[Result "1-0"]
[WhiteElo "2254"]
[BlackElo "2437"]
[PlyCount "37"]
[EventDate "2014.??.??"]

1. e4 c5 2. Nf3 a6 3. c3 d5 4. exd5 Nf6 5. d4 cxd4 6. cxd4 Nxd5 7. Bc4 Nc6 8.
O-O g6 9. Bxd5 Qxd5 10. Nc3 Qh5 11. d5 Ne5 12. Nxe5 Qxe5 13. Re1 Qh5 14. Qd4 f6
15. Qxf6 Rg8 16. Bg5 Rg7 17. d6 Rf7 18. Nd5 e6 19. Qd8# 1-0

[Event "Boeblinger Open 2014"]
[Site "Boeblingen"]
[Date "2014.12.31"]
[Round "9"]
[White "Dorst, Johannes"]
[Black "Smirnov, Artem"]
[Result "0-1"]
[WhiteElo "2262"]
[BlackElo "2446"]
[PlyCount "66"]
[EventDate "2014.??.??"]

1. e4 c5 2. Nc3 Nc6 3. Nf3 d6 4. d4 cxd4 5. Nxd4 Nf6 6. Bg5 e6 7. Qd2 a6 8. f4
h6 9. Bxf6 Qxf6 10. Nxc6 bxc6 11. O-O-O Qd8 12. Bc4 Be7 13. Kb1 d5 14. Bb3 O-O
15. Qf2 Rb8 16. g4 a5 17. h4 Qb6 18. Qf3 c5 19. g5 dxe4 20. Qh5 c4 21. Nxe4
cxb3 22. axb3 Qb5 23. Rhg1 Bb7 24. Ng3 Rfd8 25. Rxd8+ Rxd8 26. f5 Qc5 27. Rf1
Rd2 28. c3 Qd5 29. fxe6 Qxe6 30. gxh6 Qxb3 31. Qxf7+ Qxf7 32. Rxf7 Kxf7 33. h7
Rd8 0-1

[Event "Boeblinger Open 2014"]
[Site "Boeblingen"]
[Date "2014.12.31"]
[Round "9"]
[White "Fedorovsky, Michael"]
[Black "Gheng, Josef"]
[Result "1/2-1/2"]
[WhiteElo "2443"]
[BlackElo "2315"]
[PlyCount "120"]
[EventDate "2014.??.??"]

1. d4 Nf6 2. c4 e6 3. Nc3 Bb4 4. Qc2 c5 5. dxc5 Nc6 6. Nf3 Bxc5 7. Bf4 O-O 8.
e3 d5 9. Rd1 Qa5 10. Be2 Nb4 11. Qb3 dxc4 12. Bxc4 a6 13. O-O b5 14. Be2 Bb7
15. a3 Nbd5 16. Nxd5 Bxd5 17. Qc2 Rac8 18. Qb1 Be7 19. Rc1 Be4 20. Qa1 Nd5 21.
Be5 f6 22. Bd4 Qd8 23. b4 Qd7 24. Nd2 Bc2 25. Qa2 Bg6 26. Nb3 Bf7 27. Bc5 e5
28. Rfd1 Qe6 29. Qb1 Rfe8 30. Bxe7 Nc3 31. Rxc3 Rxc3 32. Nc5 Qxe7 33. Rd7 Qf8
34. Qb2 Rxc5 35. bxc5 Qxc5 36. h3 Be6 37. Rd1 Rc8 38. Bf3 a5 39. Qd2 b4 40.
axb4 axb4 41. Qd6 Qxd6 42. Rxd6 b3 43. Rxe6 b2 44. Be4 b1=Q+ 45. Bxb1 Rc1+ 46.
Kh2 Rxb1 47. Re7 h5 48. Kg3 Rb2 49. h4 Rb4 50. f3 Kf8 51. Rd7 e4 52. Rd4 Rxd4
53. exd4 exf3 54. Kxf3 Ke7 55. Ke4 Ke6 56. d5+ Kf7 57. Kd4 Ke7 58. Kc5 Kd7 59.
d6 g5 60. hxg5 fxg5 1/2-1/2

[Event "Boeblinger Open 2014"]
[Site "Boeblingen"]
[Date "2014.12.31"]
[Round "9"]
[White "Graf, Felix"]
[Black "Schneider, Bernd"]
[Result "1-0"]
[WhiteElo "2472"]
[BlackElo "2282"]
[PlyCount "73"]
[EventDate "2014.??.??"]

1. d4 Nf6 2. c4 e6 3. Nf3 Bb4+ 4. Nbd2 O-O 5. a3 Be7 6. e4 d5 7. Bd3 dxe4 8.
Nxe4 Nbd7 9. O-O Nxe4 10. Bxe4 Nf6 11. Bc2 b6 12. Qe2 c5 13. dxc5 bxc5 14. Bd2
Bb7 15. Bc3 Qc7 16. Ne5 Rfd8 17. f4 g6 18. Rae1 Qb6 19. f5 gxf5 20. Nxf7 Kxf7
21. Bxf5 Rd4 22. Bxe6+ Kg7 23. Bd5 Nxd5 24. cxd5 Bf6 25. Rxf6 Qxf6 26. Qe7+
Qxe7 27. Rxe7+ Kf8 28. Rxb7 Rxd5 29. Rxh7 Re8 30. h4 Re4 31. Kh2 Kg8 32. Rg7+
Kf8 33. Rh7 Kg8 34. Rg7+ Kf8 35. g3 a5 36. Kh3 Rd3 37. Rg5 1-0

[Event "Boeblinger Open 2014"]
[Site "Boeblingen"]
[Date "2014.12.31"]
[Round "9"]
[White "Jahncke, Giso"]
[Black "Promyshlyanskiy, Vitaliy"]
[Result "1/2-1/2"]
[WhiteElo "2294"]
[BlackElo "2240"]
[PlyCount "99"]
[EventDate "2014.??.??"]

1. d4 Nf6 2. c4 g6 3. Nc3 Bg7 4. e4 O-O 5. Nf3 d6 6. Be2 Nbd7 7. O-O e5 8. Be3
Re8 9. d5 Nh5 10. g3 Bf8 11. Ne1 Ng7 12. Qd2 f5 13. f3 Nf6 14. Nd3 Be7 15. c5
fxe4 16. fxe4 Bh3 17. Rfc1 Rf8 18. cxd6 cxd6 19. Nf2 Bd7 20. a4 h5 21. Nb5 a6
22. Na3 Bxa4 23. Qb4 Bd7 24. Qxb7 Rb8 25. Qxa6 Rxb2 26. Qd3 Qb8 27. Rab1 Rc8
28. Nc4 Rb5 29. Rxb5 Qxb5 30. Rb1 Qa6 31. Rb6 Qa1+ 32. Kg2 Nge8 33. Rb3 Bg4 34.
Bf1 Ra8 35. h3 Bd7 36. Na3 Qa2 37. Nc2 Qa5 38. Bb6 Qa2 39. Be3 Rc8 40. Nb4 Qa4
41. Na6 Qa2 42. Rb7 Qc2 43. Qxc2 Rxc2 44. Bd3 Rc8 45. g4 hxg4 46. hxg4 Bd8 47.
g5 Ng4 48. Rxd7 Nxe3+ 49. Kf3 Bxg5 50. Nb4 1/2-1/2

[Event "Boeblinger Open 2014"]
[Site "Boeblingen"]
[Date "2014.12.31"]
[Round "9"]
[White "Konson, Konstantin"]
[Black "Vuckovic, Aleksandar"]
[Result "0-1"]
[WhiteElo "2198"]
[BlackElo "2337"]
[PlyCount "62"]
[EventDate "2014.??.??"]

1. e4 c5 2. Nf3 Nc6 3. c3 d5 4. exd5 Qxd5 5. d4 e6 6. Na3 Nf6 7. Nb5 Qd8 8. Be2
a6 9. Na3 cxd4 10. Nxd4 Nxd4 11. Qxd4 Qxd4 12. cxd4 Bb4+ 13. Bd2 Bxd2+ 14. Kxd2
Bd7 15. Nc4 Bc6 16. Rac1 O-O 17. f3 Rad8 18. Ke3 Bb5 19. Rhd1 Bxc4 20. Rxc4 Rd7
21. f4 Nd5+ 22. Kf3 Rfd8 23. a3 Kf8 24. Rdc1 Ne7 25. Ke4 Nf5 26. Rb4 Nxd4 27.
Bf3 b5 28. a4 a5 29. Rxb5 Nxb5 30. axb5 Rd3 31. Rc8 f5+ 0-1

[Event "Boeblinger Open 2014"]
[Site "Boeblingen"]
[Date "2014.12.31"]
[Round "9"]
[White "Kunin, Vitaly"]
[Black "Bodrozic, Tomislav"]
[Result "1/2-1/2"]
[WhiteElo "2589"]
[BlackElo "2323"]
[PlyCount "84"]
[EventDate "2014.??.??"]

1. d4 Nf6 2. c4 g6 3. Nc3 Bg7 4. e4 d6 5. Nge2 O-O 6. Ng3 e5 7. d5 a5 8. Be2
Na6 9. h4 h5 10. Bg5 Qe8 11. Qd2 Nh7 12. O-O-O Bd7 13. Bh6 Bxh6 14. Qxh6 Qe7
15. Nf1 Qf6 16. Qe3 Nc5 17. g3 Rae8 18. Nd2 Qg7 19. Rdg1 f5 20. exf5 Bxf5 21.
f3 e4 22. fxe4 Nf6 23. Bf3 Bg4 24. Bg2 Bd7 25. Rf1 Ng4 26. Qe2 Qe5 27. Kb1 Qxg3
28. Bf3 Qe5 29. Bxg4 Bxg4 30. Qe3 Kg7 31. Rxf8 Rxf8 32. Re1 Qh2 33. Nb5 Rf2 34.
Qd4+ Kh7 35. Kc2 Be2 36. Qe3 Bxc4 37. Nxc7 Nd3 38. Rd1 Qe5 39. Qb6 Nb4+ 40. Kc1
Bd3 41. Qxa5 Qd4 42. Ne6 Qc4+ 1/2-1/2

[Event "Boeblinger Open 2014"]
[Site "Boeblingen"]
[Date "2014.12.31"]
[Round "9"]
[White "Nguyen, Thai Dai Van"]
[Black "Kvetny, Mark"]
[Result "1-0"]
[WhiteElo "2212"]
[BlackElo "2335"]
[PlyCount "85"]
[EventDate "2014.??.??"]

1. e4 c5 2. Nf3 d6 3. d4 cxd4 4. Nxd4 Nf6 5. Nc3 a6 6. Be3 e5 7. Nb3 Be6 8. h3
Be7 9. f4 exf4 10. Bxf4 Nc6 11. Qe2 Nd7 12. O-O-O Nce5 13. Kb1 O-O 14. g4 Rc8
15. Qe3 b5 16. Nd5 Bxd5 17. exd5 Re8 18. Qg3 Bh4 19. Qg2 Qf6 20. Bc1 Qf2 21.
Nd4 g6 22. Qxf2 Bxf2 23. a4 bxa4 24. Bxa6 Rc5 25. Rhf1 Bxd4 26. Rxd4 Nb6 27.
Rfd1 Ra8 28. Bf1 Nbc4 29. Bxc4 Nxc4 30. R1d3 Rb8 31. Ka1 a3 32. b3 Ne5 33. Re3
Rxc2 34. Bxa3 Ra8 35. Kb1 Rf2 36. Bxd6 Nf3 37. Rf4 Nd2+ 38. Kc2 Ra2+ 39. Kc3
Nb1+ 40. Kb4 Rfd2 41. Re8+ Kg7 42. Bf8+ Kg8 43. Bh6# 1-0

[Event "Boeblinger Open 2014"]
[Site "Boeblingen"]
[Date "2014.12.31"]
[Round "9"]
[White "Noe, Christopher"]
[Black "Pfatteicher, Lukas"]
[Result "0-1"]
[WhiteElo "2375"]
[BlackElo "2139"]
[PlyCount "187"]
[EventDate "2014.??.??"]

1. e4 c6 2. d3 d5 3. Nd2 Nf6 4. Ngf3 Bg4 5. h3 Bxf3 6. Qxf3 e6 7. g4 dxe4 8.
Nxe4 Nxe4 9. Qxe4 Qd5 10. Bg2 Nd7 11. O-O Qxe4 12. Bxe4 Nf6 13. Bg2 h5 14. g5
Nd5 15. d4 Bd6 16. f4 g6 17. Bd2 Rd8 18. Rad1 O-O 19. c3 Rfe8 20. Be4 Rd7 21.
Kg2 Red8 22. Bc1 Bb8 23. Kf3 Ne7 24. Bc2 Nd5 25. a3 Bc7 26. Rd3 Bb8 27. Rfd1
Bc7 28. Bb3 Bb8 29. Re1 Kf8 30. Rdd1 Bc7 31. Re4 Bb8 32. Rde1 Bc7 33. R1e2 Bb8
34. Bd2 Ne7 35. Be1 Bc7 36. Bf2 Bb8 37. Re1 Nf5 38. R4e2 Kg7 39. Bc2 Ne7 40.
Be4 Nd5 41. Bg3 Ne7 42. Bc2 Bc7 43. Ba4 Nf5 44. Bf2 Bb8 45. Rd1 Kg8 46. Red2
Ne7 47. c4 a6 48. Bc2 Ba7 49. Be4 Bb6 50. Rd3 Bc7 51. Rb3 Bb8 52. Rc3 Ba7 53.
Rcd3 Bb8 54. Be1 Bc7 55. Bf2 Bb8 56. Be3 Kg7 57. Bd2 Bc7 58. a4 Kg8 59. Bc3 Nd5
60. Bd2 Ne7 61. Be3 Kg7 62. Rb3 Bb8 63. Bd2 Kg8 64. Ba5 Rc8 65. Bb6 Kg7 66. a5
Kg8 67. Re3 Kg7 68. Bc2 Kg8 69. Rc3 Kg7 70. Kg3 Kg8 71. Be4 Re8 72. Rcd3 Kg7
73. R3d2 Bc7 74. Rd3 Bxb6 75. axb6 Red8 76. Kf3 Nd5 77. Rb3 Ne7 78. Ke3 Kf8 79.
Rbd3 Rd6 80. b4 R6d7 81. Ra1 Ke8 82. Ra5 Kf8 83. Raa3 Ke8 84. Rab3 Kf8 85. b5
axb5 86. cxb5 cxb5 87. Rxb5 Nd5+ 88. Bxd5 Rxd5 89. Rb4 Ke7 90. Rc3 R8d7 91. Rc7
Kd8 92. Rc3 R5d6 93. Ke4 Rd5 94. Ra3 0-1

[Event "Boeblinger Open 2014"]
[Site "Boeblingen"]
[Date "2014.12.31"]
[Round "9"]
[White "Rahnfeld, Jens"]
[Black "Eisenbeiser, Amadeus"]
[Result "0-1"]
[WhiteElo "2100"]
[BlackElo "2377"]
[PlyCount "88"]
[EventDate "2014.??.??"]

1. e4 d6 2. d4 Nf6 3. Nc3 e5 4. Nf3 Nbd7 5. Bc4 Be7 6. O-O O-O 7. Re1 a6 8. a4
b6 9. dxe5 dxe5 10. Nd5 Bb7 11. Nxf6+ Bxf6 12. Qe2 Nc5 13. Rd1 Qe7 14. Nd2 Rfd8
15. f3 Ne6 16. Bxe6 Qxe6 17. b3 a5 18. Bb2 Ba6 19. c4 Be7 20. Nf1 Bc5+ 21. Kh1
Bd4 22. Ne3 Rd7 23. Rd2 Rad8 24. Rad1 c6 25. Bxd4 exd4 26. Nc2 c5 27. Ne1 f5
28. e5 f4 29. Nd3 Rf8 30. Kg1 Bb7 31. Kf2 Qh6 32. Rh1 Qh4+ 33. Kf1 Re7 34. Qf2
Qh6 35. Ke1 Bc8 36. Re2 Bf5 37. Kd2 Rfe8 38. Qe1 Bxd3 39. Kxd3 Qg5 40. Qf2 Rxe5
41. Re4 Qh6 42. h3 Qg6 43. Rhe1 Rg5 44. R1e2 Rxe4 0-1

[Event "Boeblinger Open 2014"]
[Site "Boeblingen"]
[Date "2014.12.31"]
[Round "9"]
[White "Rombach, Michael"]
[Black "Gschnitzer, Adrian"]
[Result "1/2-1/2"]
[WhiteElo "2106"]
[BlackElo "2199"]
[PlyCount "47"]
[EventDate "2014.??.??"]

1. d4 d5 2. c4 e6 3. Nc3 Nf6 4. Bg5 Nbd7 5. cxd5 exd5 6. e3 c6 7. Bd3 Be7 8.
Nge2 O-O 9. O-O Re8 10. Qc2 Ne4 11. Bf4 Nxc3 12. bxc3 Nf6 13. Rae1 Bd6 14. Bxd6
Qxd6 15. Ng3 h6 16. f3 c5 17. e4 cxd4 18. cxd4 dxe4 19. Nxe4 Qxd4+ 20. Kh1 Be6
21. Nxf6+ Qxf6 22. Be4 Rac8 23. Qa4 Red8 24. Bxb7 1/2-1/2